Normal view
MARC view
- Akram, A. I. (Lt. General)
Entry Personal Name
001 - CONTROL NUMBER
- control field: 49094
003 - CONTROL NUMBER IDENTIFIER
- control field: NUST
005 - DATE AND TIME OF LATEST TRANSACTION
- control field: 20210314134241.0
008 - FIXED-LENGTH DATA ELEMENTS
- fixed length control field: 210314|| aca||aabn | a|a d
040 ## - CATALOGING SOURCE
- Original cataloging agency: NUST
- Transcribing agency: NUST
100 ## - HEADING--PERSONAL NAME
- Personal name: Akram, A. I. (Lt. General)
670 ## - SOURCE DATA FOUND
- Source citation: Work cat.: (NUST): Akram, A. I. (Lt. General)., The Muslim Conquest of Persia., 1975
